Benchmarking production processes in civil engineering (Record no. 65309)

MARC details
000 -LEADER
fixed length control field 01401cam a2200265 4500
001 - CONTROL NUMBER
control field ABS63112
008 - FIXED-LENGTH DATA ELEMENTS--GENERAL INFORMATION
fixed length control field 000000n2000 000 0 eng u
035 ## - SYSTEM CONTROL NUMBER
System control number (Sirsi) u109398
100 ## - MAIN ENTRY--PERSONAL NAME
Personal name Lee, S
245 ## - TITLE STATEMENT
Title Benchmarking production processes in civil engineering
260 ## - PUBLICATION, DISTRIBUTION, ETC.
Date of publication, distribution, etc. 2000
490 ## - SERIES STATEMENT
Series statement Civil Engineering
Volume/sequential designation 138(4), 167-173(7)
520 ## - SUMMARY, ETC.
Summary, etc. Looks in some detail at the benchmarking method developed by the Agile Construction Initiative. The model is designed to enable different levels of the construction industry to monitor and improve their performance, and incorporates methods for planners and estimators, construction teams, construction managers and client bodies. Article considers the six stages of the Agile method and examines initial research findings, including how the system can be applied for 'standard road product'. Concludes that the Agile database presents contractors with an effective tool for analyzing site productivity and supporting its expansion into other sectors. Tables. Figures. References.
590 ## - LOCAL NOTE (RLIN)
Local note ABS
650 ## - SUBJECT ADDED ENTRY--TOPICAL TERM
Topical term or geographic name entry element BENCHMARKING
650 ## - SUBJECT ADDED ENTRY--TOPICAL TERM
Topical term or geographic name entry element DATABASES
650 ## - SUBJECT ADDED ENTRY--TOPICAL TERM
Topical term or geographic name entry element AGILE CONSTRUCTION INITIATIVE
650 ## - SUBJECT ADDED ENTRY--TOPICAL TERM
Topical term or geographic name entry element EGAN REFORMS
650 ## - SUBJECT ADDED ENTRY--TOPICAL TERM
Topical term or geographic name entry element LATHAM REFORMS
650 ## - SUBJECT ADDED ENTRY--TOPICAL TERM
Topical term or geographic name entry element PERFORMANCE MEASUREMENT
650 ## - SUBJECT ADDED ENTRY--TOPICAL TERM
Topical term or geographic name entry element CONSTRUCTION INDUSTRY
690 ## - LOCAL SUBJECT ADDED ENTRY--TOPICAL TERM (OCLC, RLIN)
Topical term or geographic name as entry element BUILT ENVIRONMENT-ENGINEERING-CIVIL ENGINEERING
700 ## - ADDED ENTRY--PERSONAL NAME
Personal name Graves, A
942 ## - ADDED ENTRY ELEMENTS (KOHA)
Suppress in OPAC 0
Holdings
Withdrawn status Lost status Source of classification or shelving scheme Damaged status Not for loan Home library Current library Shelving location Date acquired Total Checkouts Full call number Barcode Date last seen Copy number Price effective from Koha item type
    Dewey Decimal Classification     London London Journal article 20/11/2000   ABS63112 109398-1001 06/08/2019 1 06/08/2019 Journal article